Logo BPK

Biblioteka

Politechniki Koszalińskiej

Multimedialny słownik angielsko-polski polsko-angielski (Rekord nr 41191)

Szczegóły MARC
000 -ETYKIETA REKORDU
podpole kontrolne o stałej długości 01285nam a2200301 i 4500
001 - NUMER KONTROLNY REKORDU
pole kontrolne bg
040 ## - ŹRÓDŁO KATALOGOWANIA
Instytucja, która utworzyła rekord BPK
041 0# - KOD JĘZYKA
Kod języka tekstu pol
-- eng
044 ## - KOD KRAJU WYDAWCY/PRODUCENTA
Kod kraju wydawcy/producenta POL
080 ## - UNIWERSALNA KLASYFIKACJA DZIESIĘTNA - UKD
UKD 811.111:811.162.1]'374(0.034.44)
008 - POLE O STAŁEJ DŁUGOŚCI - DANE KONTROLNE
podpole kontrolne o stałej długości 100316s1999 pl d |000 0 pol
245 00 - TYTUŁ/ODPOWIEDZIALNOŚĆ
Tytuł Multimedialny słownik angielsko-polski polsko-angielski
Typ dokumentu [Dokument elektroniczny] /
Pozostałe elementy strefy tytułu i oznaczenia odpowiedzialności [pod red. Jacka Fisiaka] ; Collins.
246 1# - WARIANT TYTUŁU
Tytuł Słownik polsko-angielski i angielsko-polski Collins
250 ## - STREFA WYDANIA
Oznaczenie wydania Wersja 3.03.
254 ## - STREFA POSTACI ZAPISU MUZYCZNEGO
Określenie postaci zapisu muzycznego Dane tekstowe.
260 ## - STREFA ADRESU WYDAWNICZEGO
Miejsce wydania Gdańsk :
Nazwa wydawcy/dystrybutora Young Digital Poland,
Data publikacji, dystrybucji/powstania dokumentu cop. 2007.
300 ## - STREFA OPISU FIZYCZNEGO
Objętość 1 dysk optyczny (CD-ROM) :
Inne cechy fizyczne dźw., kolor ;
Rozmiary 12 cm.
500 ## - UWAGI OGÓLNE
Tekst uwagi Tyt. z etykiety nośnika.
538 ## - WYMAGANIA TECHNICZNE
Tekst uwagi Wymagania systemowe : MS Windows 98/200/XP/Vista, 650 MB wolnej przestrzeni na twardym dysku, karty dźwiękowej, myszy lub innego urządzenia wskazującego. Program nie współpracuje z emulatorami napędów CD/DVD.
546 ## - UWAGA O JĘZYKU
Uwaga o języku Interfejs programu dostępny także w wersji ang.
650 #4 - HASŁO PRZEDMIOTOWE W FORMIE NAZWY OGÓLNEJ LUB JEDNOSTKOWEJ
Nazwa ogólna lub geograficzna Słowniki angielsko-polskie
650 #4 - HASŁO PRZEDMIOTOWE W FORMIE NAZWY OGÓLNEJ LUB JEDNOSTKOWEJ
Nazwa ogólna lub geograficzna Słowniki polsko-angielskie
650 #4 - HASŁO PRZEDMIOTOWE W FORMIE NAZWY OGÓLNEJ LUB JEDNOSTKOWEJ
Nazwa ogólna lub geograficzna Słowniki multimedialne
650 #4 - HASŁO PRZEDMIOTOWE W FORMIE NAZWY OGÓLNEJ LUB JEDNOSTKOWEJ
Nazwa ogólna lub geograficzna Dokumenty elektroniczne
830 ## - HASŁO DODATKOWE SERII LUB DOKUMENTU WIELOCZĘŚCIOWEGO - TYTUŁ UJEDNOLICONY
Tytuł ujednolicony Collins
946 ## - DANE ZAMÓWIENIA
c 99,00
942 ## - DODATKOWE ELEMENTY (KOHA)
Typ dokumentu Płyta CD
Egzemplarze
Wycofany Status egzemplarza Uszkodzony Dostępność Lokalizacja stała Lokalizacja bieżąca Miejsce przechowywania Sygnatura Kod kreskowy Status: wypożyczony Ostatnio wypożyczono Typ dokumentu
      Dostępny Biblioteka Politechniki Koszalińskiej Biblioteka Politechniki Koszalińskiej Wypożyczalnia BG CD 1632 02201016 09.05.2027 22.09.2023 Płyta CD
© 2023 Biblioteka Politechniki Koszalińskiej :: KOHA